Normal view
MARC view
Entry Personal Name
001 - CONTROL NUMBER
- control field: 1236274
003 - CONTROL NUMBER IDENTIFIER
- control field: OSt
005 - DATE AND TIME OF LATEST TRANSACTION
- control field: 20260430150035.0
008 - FIXED-LENGTH DATA ELEMENTS
- fixed length control field: 260430|| aca||aabn | a|a d
040 ## - CATALOGING SOURCE
- Original cataloging agency: OSt
- Transcribing agency: OSt
100 ## - HEADING--PERSONAL NAME
- Personal name: Pooja Kumari Au.; Sehgal Neeta Gu
670 ## - SOURCE DATA FOUND
- Source citation: Work cat.: (OSt)1848799: Pooja Kumari Au.; Sehgal Neeta Gu., Kisspeptin, dopamine adn GnRH regulate gonadotropin reliease adn oocyte maturation: in vivo, in vitro adn in silico analyses in the catfish heteropnustes fossilis (Bloch), 2021
